| 000 | 00501nam a2200181 a 4500 | ||
|---|---|---|---|
| 005 | 20240920064009.0 | ||
| 008 | 991125s1990 mx 000 0 spa u | ||
| 035 | _aUPN01000001295 | ||
| 049 | _aSEP | ||
| 050 | 4 |
_aLC5255 _bT43 LL |
|
| 245 | 0 | 0 | _aAguas con los techos. |
| 260 |
_aMéxico : _bINEA, Dirección de Alfabetización, _c1990. |
||
| 300 |
_a24 p. : _bil. |
||
| 440 | 0 | _aLecturas de postalfabetización | |
| 650 | 4 |
_aEducación de adultos _zMéxico _95673 |
|
| 650 | 4 | _aTECHOS | |
| 905 | _aLibro | ||
| 999 |
_c1295 _d1295 |
||